|
|
|
|
| LEADER |
00000nab a2200000 a 4500 |
| 001 |
vtls000828169 |
| 003 |
SK-MaSNL |
| 005 |
20260304133233.0 |
| 008 |
250429c2002 xo 0 slo |
| 015 |
|
|
|a SNBRB2003/03-07769
|
| 035 |
|
|
|a CLN000179824
|
| 035 |
|
|
|a (urnnbn)urn:nbn:sk:snk:ar-005kme
|
| 035 |
|
|
|a (uuid)63bcb472-4df3-4976-8932-0f2d7fde9898
|
| 035 |
|
|
|a urn:nbn:sk:snk-ab80q8
|
| 040 |
|
|
|a SNKBUCL
|b slo
|c SNKBUCL
|e AACR2
|
| 041 |
0 |
|
|a eng
|
| 044 |
|
|
|a xo
|c SK
|
| 080 |
|
|
|a 551.253
|2 1997
|
| 100 |
1 |
|
|a Škvor, Vladimír
|4 aut
|9 690001
|
| 245 |
1 |
4 |
|a The origin of the high pressures in the metamorphosed rock massives
|c Vladimír Škvor
|
| 504 |
|
|
|a Res. angl., slov.
|
| 650 |
0 |
7 |
|a masívy horninové
|2 snkbucl
|9 952918
|
| 650 |
0 |
7 |
|a vysokotlaková metamorfóza
|2 snkbucl
|9 1292579
|
| 655 |
|
7 |
|a články z novín a časopisov
|2 snkbucl
|9 267496
|
| 773 |
0 |
|
|t Mineralia slovaca
|g Roč. 34, č. 2 (2002), s. 143-144
|x 0369-2086
|
| 850 |
|
|
|a Slovenská národná knižnica
|
| 852 |
|
|
|a Slovenská národná knižnica
|
| 958 |
|
|
|a article9
|
| 958 |
|
|
|a OND
|
| 958 |
|
|
|a EUIPO
|
| 992 |
|
|
|a RBX
|
| 999 |
|
|
|c 2900569
|d 2902499
|